|
|
|
|
| LEADER |
00000nam a2200000 a 4500 |
| 001 |
vtls001351267 |
| 003 |
SK-MaSNL |
| 005 |
20260301160646.0 |
| 008 |
240318suuuu xx 0 und |
| 035 |
|
|
|a SNK000304623
|
| 040 |
|
|
|a SNK
|b slo
|c SNK
|e AACR2
|
| 100 |
1 |
|
|a Vlk, Josef
|4 aut
|9 522529
|
| 245 |
1 |
0 |
|a Šlechtění a semenářství
|
| 260 |
|
|
|a Praha
|b Slovenské pedagogické nakladateľstvo
|
| 300 |
|
|
|a 378 s.
|
| 999 |
|
|
|c 806387
|d 808317
|
| 952 |
|
|
|t P60, <04>, [BOOK], {604}
|a SNK
|b SNK
|y VYP
|7 0
|p 17A0173170
|o snkIB 26636 D1
|0 0
|1 1
|4 0
|d 1998-12-21
|l 0
|r 2005-01-02 00:00:00
|w 2026-02-24
|
| 952 |
|
|
|t P60, <04>, [BOOK], {604}
|a SNK
|b SNK
|y VYP
|7 0
|p 17A0199430
|o snkIB 26636
|0 0
|1 0
|4 0
|d 1999-07-09
|l 0
|r 2005-01-02 00:00:00
|w 2026-02-24
|